Dejiny spotrebných družstiev na Slovensku

Salvato in:
Dettagli Bibliografici
Autore principale: Sloboda, Štefan
Altri autori: Petráš, Július, Bosý, Leopold
Natura: Libro
Lingua:slovacco
Pubblicazione: Bratislava SZSD 1992
Edizione:1. vyd.
Soggetti:
Tags: Aggiungi Tag
Nessun Tag, puoi essere il primo ad aggiungerne!!

MARC

LEADER 00000nam a2200000 4500
001 c003882
005 20221128072652.8
041 0 |a slo 
044 |a SK 
245 1 0 |a Dejiny spotrebných družstiev na Slovensku  |c Štefan Sloboda, Július Petráš, Leopold Bosý 
250 |a 1. vyd. 
264 1 |a Bratislava  |b SZSD  |c 1992 
300 |a 120 s. 
610 2 0 |a družstvá spotrebné 
610 2 0 |a družstevníctvo 
610 2 0 |a Slovensko 
610 2 0 |a história 
100 1 |a Sloboda, Štefan 
700 1 |a Petráš, Július 
700 1 |a Bosý, Leopold